Statistiques concernant Personnalités invitées par McFly et Carlito

Cliquez ici pour prendre le quiz!

Statistiques générales

  • Ce quiz a été pris 131 fois
    (104 depuis la dernière actualisation)
  • Le résultat moyen est 19 sur 116

Statistiques - réponses

Personnalités% Correct
Squeezie
92%
Natoo
80%
Bigflo
63%
Oli
62%
Cyprien
61%
Amixem
60%
Gad Elmaleh
58%
Michou
57%
Mister V
55%
Inoxtag
54%
Pierre Croce
54%
Seb laFrite
50%
Patrick Bruel
48%
Guillaume Canet
39%
Jonathan Cohen
39%
Léna
39%
Norman
39%
Maxenss
38%
Eric Judor
36%
Ramzy Bedia
36%
FloBer
33%
Gilles Lelouche
32%
Philippe Lacheau
32%
Léopold Le Pérave
30%
Omar Sy
30%
Tarek Boudali
29%
David Guetta
27%
Jérémy Nadeau
27%
Michaël Youn
26%
Gotaga
25%
Audrey Pirault
24%
Doigby
24%
Jiraya
24%
Will Smith
24%
Sofyan
21%
Terracid
20%
Jérémy Dethelot
19%
Manu Payet
19%
Fred Testot
18%
Paul Mirabel
18%
Djilsi
17%
Laink
17%
Alison Wheeler
15%
Freddy Gladieux
15%
Edouard Baer
14%
Vincent Desagnat
14%
Math se fait des films
13%
Jimmy Labeeu
12%
Simon Astier
12%
Claude
11%
Baptiste Lorber
10%
Cyril
10%
Justine Le Pottier
10%
Mr Poulpe
10%
Pef
10%
Gaël Mectoob
8%
Michel Drucker
8%
Wawad
8%
Adèle
7%
Jhon rachid
7%
Martin Lawrence
7%
Maurice Barthélémy
7%
Dr Nozman
6%
Laurent Baffie
6%
Baptiste Lecaplin
5%
Camille Lacourt
5%
Dédo
5%
Lucien Maine
5%
PV Nova
5%
Cyrus North
4%
Bruno Solo
2%
Davy Mourier
2%
Denis Brogniart
2%
Fabien Olicar
2%
Yacine Belhousse
2%
Antoine de Maximy
1%
Grichka Bogdanov
1%
Igor Bogdanov
1%
Manon Bril
1%
Mustapha
1%
A2H
0%
Alain Figlarz
0%
Alice David
0%
Anna Polina
0%
Aqme
0%
Arianne
0%
Atrassi
0%
Bruno Guillon
0%
Bun Hay Mean
0%
Catherine Laborde
0%
Delphine Baril
0%
Dirtybiology
0%
Disiz
0%
Elise Larnicol
0%
Féfé
0%
François Descraques
0%
Gerard Darmon
0%
Jean Michel Cohen
0%
Jérémy Ferrari
0%
Kayane
0%
Mathias Malzieu
0%
Mic Maths
0%
Nephael
0%
Nicoletta
0%
Ovidie
0%
Roselyne Bachelot
0%
Sandrine Alexi
0%
Slim Berhoun
0%
Sophie Mounicot
0%
Suricate
0%
Tales from the Click
0%
Tha Trickaz
0%
The Popopops
0%
Thomas VDB
0%
Toxic Avenger
0%
Vicelow
0%

Distribution des résultats

Percentile par nombre de réponses

% des personnes avec chaque résultat

Votre développement - résultats

Vous n’avez pas pris ce quiz depuis la dernière actualisation